[Event "Mid Bohemia Region-chT 2223"]
[Site "Czech Republic"]
[Date "2023.02.12"]
[Round "8.7"]
[White "Rezac, Jindrich"]
[Black "Kopecky, Jiri"]
[Result "1/2-1/2"]
[WhiteElo "1791"]
[BlackElo "1921"]
[PlyCount "53"]
[EventDate "2022.10.09"]
[EventType "team-tourn"]
[EventRounds "11"]
[EventCountry "CZE"]
[SourceTitle "EXT 2024"]
[Source "ChessBase"]
[SourceDate "2023.10.10"]
[SourceVersion "1"]
[SourceVersionDate "2023.10.10"]
[SourceQuality "1"]
[WhiteTeam "Mlada Boleslav Skoda"]
[BlackTeam "Kralupy nad Vltavou"]
[WhiteTeamCountry "CZE"]
[BlackTeamCountry "CZE"]

1. d4 Nf6 2. c4 e6 3. Nf3 Bb4+ 4. Bd2 Qe7 5. a3 Bxd2+ 6. Qxd2 d5 7. e3 0-0 8. Nc3 b6 9. Be2 Nc6 10. Qc2 Bb7 11. 0-0 Na5 12. Nd2 dxc4 13. Nxc4 Nxc4 14. Bxc4 c5 15. dxc5 Qxc5 16. Bd3 Rac8 17. Qe2 Qg5 18. f3 Rfd8 19. Rad1 g6 20. Bc2 Nd5 21. Nxd5 Rxd5 22. Rxd5 Qxd5 23. Be4 Qd7 24. Rd1 Qc7 25. Bxb7 Qxb7 26. Qd3 Qc6 27. h3 1/2-1/2

[Event "Mid Bohemia Region-chT 2223"]
[Site "Czech Republic"]
[Date "2022.11.13"]
[Round "3.8"]
[White "Kopecky, Jiri"]
[Black "Voracek, Zdenek"]
[Result "1-0"]
[WhiteElo "1921"]
[BlackElo "1917"]
[PlyCount "59"]
[EventDate "2022.10.09"]
[EventType "team-tourn"]
[EventRounds "11"]
[EventCountry "CZE"]
[SourceTitle "EXT 2024"]
[Source "ChessBase"]
[SourceDate "2023.10.10"]
[SourceVersion "1"]
[SourceVersionDate "2023.10.10"]
[SourceQuality "1"]
[WhiteTeam "Kralupy nad Vltavou"]
[BlackTeam "Ricany III"]
[WhiteTeamCountry "CZE"]
[BlackTeamCountry "CZE"]

1. e4 Nf6 2. Nc3 d5 3. e5 d4 4. exf6 dxc3 5. fxe7 cxd2+ 6. Bxd2 Bxe7 7. Bc3 0-0 8. Qf3 Qd6 9. Bd3 Nc6 10. 0-0-0 Qc5 11. Qe4 g6 12. h4 Qxf2 13. Rf1 Qc5 14. g4 Be6 15. Nf3 Nb4 16. Bd4 Nxd3+ 17. Qxd3 Qd5 18. Qe3 Rae8 19. Qh6 f6 20. Ng5 Rf7 21. Nxf7 Bxf7 22. Qf4 Qxa2 23. Bxf6 Rd8 24. Bd4 c5 25. b3 Bxb3 26. cxb3 Rxd4 27. Qf7+ Kh8 28. Qe8+ Kg7 29. Qxe7+ Kh6 30. Qf8# 1-0

[Event "Ricany op"]
[Site "Ricany"]
[Date "2020.08.29"]
[Round "9"]
[White "Cermak, Jan2222"]
[Black "Kopecky, Jiri"]
[Result "1/2-1/2"]
[WhiteElo "1971"]
[BlackElo "1921"]
[PlyCount "22"]
[EventDate "2020.08.22"]
[EventType "swiss"]
[EventRounds "9"]
[EventCountry "CZE"]
[SourceTitle "CBM 198 Extra"]
[Source "ChessBase"]
[SourceDate "2020.11.30"]
[SourceVersion "1"]
[SourceVersionDate "2020.11.30"]
[SourceQuality "1"]

1. e4 c5 2. Nf3 Nc6 3. Bb5 d6 4. Bxc6+ bxc6 5. 0-0 e5 6. c3 Nf6 7. Re1 Be7 8. d4 cxd4 9. cxd4 exd4 10. Qxd4 0-0 11. Nc3 Qb6 1/2-1/2

[Event "Ricany op"]
[Site "Ricany"]
[Date "2020.08.23"]
[Round "2"]
[White "Kopecky, Jiri"]
[Black "Konvalinka, Vladislav"]
[Result "1/2-1/2"]
[WhiteElo "1921"]
[BlackElo "1731"]
[PlyCount "23"]
[EventDate "2020.08.22"]
[EventType "swiss"]
[EventRounds "9"]
[EventCountry "CZE"]
[SourceTitle "CBM 198 Extra"]
[Source "ChessBase"]
[SourceDate "2020.11.30"]
[SourceVersion "1"]
[SourceVersionDate "2020.11.30"]
[SourceQuality "1"]

1. e4 e6 2. d4 d5 3. exd5 exd5 4. Bd3 Bd6 5. Ne2 Ne7 6. 0-0 0-0 7. Bf4 Bf5 8. Bxf5 Nxf5 9. c3 c6 10. Qb3 Qc7 11. Bxd6 Nxd6 12. Nd2 1/2-1/2

[Event "Rakovnik Regional-chT 1415"]
[Site "Rakovnik"]
[Date "2015.02.15"]
[Round "8.3"]
[White "Kopecky, Jiri"]
[Black "Kaplan, Daniel"]
[Result "1/2-1/2"]
[WhiteElo "1929"]
[BlackElo "2130"]
[PlyCount "35"]
[EventDate "2014.10.19"]
[EventType "team-tourn"]
[EventRounds "11"]
[EventCountry "CZE"]
[SourceTitle "EXT 2016"]
[Source "ChessBase"]
[SourceDate "2015.10.08"]
[SourceVersion "1"]
[SourceVersionDate "2015.10.08"]
[SourceQuality "1"]
[WhiteTeam "Kralupy nad Vltavou"]
[BlackTeam "Nymburk Sokol"]
[WhiteTeamCountry "CZE"]
[BlackTeamCountry "CZE"]

1. e4 e5 2. Nf3 Nf6 3. Nxe5 d6 4. Nf3 Nxe4 5. Qe2 Qe7 6. d3 Nf6 7. Qxe7+ Bxe7 8. Bg5 Bg4 9. Be2 Nbd7 10. Nc3 0-0-0 11. 0-0-0 h6 12. Bh4 g5 13. Bg3 Rde8 14. h3 Bh5 15. Rde1 Bd8 16. Bd1 Bg6 17. Rxe8 Rxe8 18. Re1 1/2-1/2

[Event "Tabor op"]
[Site "Tabor"]
[Date "2013.08.04"]
[Round "9"]
[White "Mihal, Sergej"]
[Black "Kopecky, Jiri"]
[Result "0-1"]
[WhiteElo "1771"]
[BlackElo "1948"]
[PlyCount "84"]
[EventDate "2013.07.28"]
[EventType "swiss"]
[EventRounds "9"]
[EventCountry "CZE"]
[SourceTitle "CBM 155 Extra"]
[Source "ChessBase"]
[SourceDate "2013.08.26"]
[SourceVersion "1"]
[SourceVersionDate "2013.08.26"]
[SourceQuality "1"]

1. e4 c5 2. g3 Nc6 3. Bg2 g6 4. c3 Bg7 5. Ne2 e6 6. d4 cxd4 7. cxd4 d5 8. e5 Nge7 9. 0-0 Qb6 10. Nbc3 0-0 11. Na4 Qd8 12. g4 b6 13. g5 Nf5 14. Bh3 Ba6 15. Nac3 Ncxd4 16. f4 Nxe2+ 17. Nxe2 Qc7 18. Bxf5 Qc5+ 19. Rf2 gxf5 20. Nd4 Rfc8 21. Be3 Qe7 22. Qh5 Qe8 23. Qh4 Kh8 24. Rf3 Qg8 25. Rh3 Bf8 26. Kf2 Qg6 27. Qg3 Rc4 28. Kf3 Rac8 29. Qf2 Bc5 30. b3 Rc3 31. Rd1 Bd3 32. Rh6 Qg8 33. h4 Bxd4 34. Bxd4 Bc2+ 35. Kg2 Bxd1 36. Bxc3 Rxc3 37. Qd4 Qc8 38. Qxd1 Rc2+ 39. Kg3 Qc3+ 40. Qf3 Qe1+ 41. Kh3 Rc3 42. Qxc3 Qxc3+ 0-1

[Event "CZE-chT2B 1213"]
[Site "Czech Republic"]
[Date "2013.01.06"]
[Round "6.8"]
[White "Hacha, Ales"]
[Black "Kopecky, Jiri"]
[Result "1/2-1/2"]
[WhiteElo "2073"]
[BlackElo "1969"]
[PlyCount "67"]
[EventDate "2012.10.14"]
[EventType "team-tourn"]
[EventRounds "11"]
[EventCountry "CZE"]
[SourceTitle "EXT 2015"]
[Source "ChessBase"]
[SourceDate "2014.11.20"]
[SourceVersion "1"]
[SourceVersionDate "2014.11.20"]
[SourceQuality "1"]
[WhiteTeam "Turnov Zikuda II"]
[BlackTeam "Kralupy nad Vltavou"]
[WhiteTeamCountry "CZE"]
[BlackTeamCountry "CZE"]

1. Nf3 Nf6 2. g3 g6 3. Bg2 Bg7 4. 0-0 0-0 5. d3 d5 6. Nbd2 c5 7. e4 dxe4 8. dxe4 Nc6 9. c3 Qc7 10. Qc2 b6 11. Re1 e5 12. Nc4 Be6 13. Ne3 h6 14. Bf1 Rfd8 15. Bc4 Bxc4 16. Nxc4 Rd7 17. a4 Rad8 18. Be3 Ng4 19. h3 Nxe3 20. Nxe3 Qc8 21. Kg2 Ne7 22. Rad1 Qc6 23. Rxd7 Rxd7 24. c4 f5 25. Nd5 fxe4 26. Nxe7+ Rxe7 27. Qxe4 Qxa4 28. Qd5+ Kh7 29. Nxe5 Rxe5 30. Rxe5 Bxe5 31. Qxe5 Qxc4 32. Qc7+ Kh8 33. Qe5+ Kh7 34. Qc7+ 1/2-1/2

[Event "CZE-chT2B 1213"]
[Site "Czech Republic"]
[Date "2012.11.04"]
[Round "2.8"]
[White "Kopecky, Jiri"]
[Black "Pletanek, Jan"]
[Result "0-1"]
[WhiteElo "1969"]
[BlackElo "2179"]
[PlyCount "51"]
[EventDate "2012.10.14"]
[EventType "team-tourn"]
[EventRounds "11"]
[EventCountry "CZE"]
[SourceTitle "EXT 2015"]
[Source "ChessBase"]
[SourceDate "2014.11.20"]
[SourceVersion "1"]
[SourceVersionDate "2014.11.20"]
[SourceQuality "1"]
[WhiteTeam "Kralupy nad Vltavou"]
[BlackTeam "Decin"]
[WhiteTeamCountry "CZE"]
[BlackTeamCountry "CZE"]

1. e4 c5 2. c3 Nf6 3. e5 Nd5 4. d4 cxd4 5. cxd4 d6 6. exd6 e6 7. Nc3 Bxd6 8. Nf3 Nc6 9. Nxd5 exd5 10. Be2 Bg4 11. 0-0 0-0 12. Be3 Rc8 13. Rc1 Qb6 14. Ng5 Bxe2 15. Qxe2 h6 16. Nf3 Rce8 17. Qd2 Re6 18. Ne5 Bxe5 19. dxe5 d4 20. Bf4 Nxe5 21. Bxe5 Rxe5 22. Rc4 Rd8 23. b3 d3 24. Qc3 d2 25. Rd1 Re1+ 26. Rxe1 0-1

[Event "Tabor op"]
[Site "Tabor"]
[Date "2012.07.31"]
[Round "4"]
[White "Kopecky, Jiri"]
[Black "Mareckova, Martina"]
[Result "1/2-1/2"]
[WhiteElo "1956"]
[BlackElo "2089"]
[PlyCount "81"]
[EventDate "2012.07.29"]
[EventType "swiss"]
[EventRounds "9"]
[EventCountry "CZE"]
[SourceTitle "EXT 2013"]
[Source "ChessBase"]
[SourceDate "2012.11.22"]
[SourceVersion "1"]
[SourceVersionDate "2012.11.22"]
[SourceQuality "1"]

1. e4 e5 2. Nf3 Nc6 3. c3 Nf6 4. d4 Nxe4 5. Bd3 d5 6. Nxe5 Nxe5 7. dxe5 Bc5 8. Bxe4 Qh4 9. 0-0 dxe4 10. Qe2 0-0 11. b4 Bb6 12. Be3 Bxe3 13. Qxe3 Re8 14. Nd2 Rxe5 15. Nf3 exf3 16. Qxe5 Bg4 17. Rfe1 h6 18. Qg3 Qxg3 19. fxg3 fxg2 20. Kxg2 Kf8 21. Re4 Be6 22. Rd4 Rc8 23. a3 Ke7 24. Kf2 c5 25. Rd2 b6 26. Rb2 cxb4 27. cxb4 Rc4 28. a4 Kd6 29. Ke3 Kc6 30. Kd3 Rg4 31. Rc1+ Kd6 32. Ke3 h5 33. Rd2+ Ke5 34. Rb2 Kd6 35. Rd1+ Ke5 36. Rd8 h4 37. Kf2 hxg3+ 38. hxg3 Rc4 39. Ra8 Rc7 40. Rd2 Rc4 41. Rxa7 1/2-1/2

[Event "CZE-chT2B 1112"]
[Site "Czech Republic"]
[Date "2012.02.05"]
[Round "7.8"]
[White "Bazantova, Marie"]
[Black "Kopecky, Jiri"]
[Result "0-1"]
[WhiteElo "1965"]
[BlackElo "1947"]
[PlyCount "118"]
[EventDate "2011.10.09"]
[EventType "team-tourn"]
[EventRounds "11"]
[EventCountry "CZE"]
[SourceTitle "EXT 2013"]
[Source "ChessBase"]
[SourceDate "2012.11.22"]
[SourceVersion "1"]
[SourceVersionDate "2012.11.22"]
[SourceQuality "1"]
[WhiteTeam "Usti nad Labem"]
[BlackTeam "Kralupy nad Vltavou"]
[WhiteTeamCountry "CZE"]
[BlackTeamCountry "CZE"]

1. e4 c5 2. c3 d5 3. exd5 Qxd5 4. d4 cxd4 5. cxd4 Nc6 6. Nf3 e6 7. Nc3 Qd8 8. Bd3 Nf6 9. 0-0 Be7 10. a3 0-0 11. Bf4 b6 12. Re1 Bb7 13. Qd2 Rc8 14. b4 Nxb4 15. Bf1 Nbd5 16. Nxd5 Nxd5 17. Be5 Bf6 18. Rec1 Qe7 19. Qb2 Rxc1 20. Rxc1 Rc8 21. Rxc8+ Bxc8 22. Bd3 Bb7 23. Bg3 Qf8 24. Ne5 Qc8 25. Nc4 Be7 26. Nd6 Bxd6 27. Bxd6 Qc6 28. Bg3 Nf4 29. Bf1 Nxg2 30. Qb5 Qxb5 31. Bxb5 Ne1 32. Be2 Nc2 33. Bd6 Nxd4 34. Bd3 a6 35. Kf1 f6 36. Bc7 b5 37. Bd6 Bd5 38. Bc5 Nc6 39. Ke1 Kf7 40. f4 g6 41. h4 e5 42. f5 e4 43. fxg6+ hxg6 44. Be2 f5 45. Be3 Kf6 46. Bf4 Ne5 47. Kd2 Bc4 48. Bd1 Bd3 49. Bg5+ Ke6 50. Bb3+ Bc4 51. Bd1 Nc6 52. Bf4 Kd5 53. Kc3 a5 54. Kd2 b4 55. axb4 axb4 56. Ba4 Nd4 57. Bg5 Nf3+ 58. Ke3 Nxg5 59. hxg5 Ke5 0-1

[Event "CZE-chT2B 1112"]
[Site "Czech Republic"]
[Date "2011.11.20"]
[Round "3.8"]
[White "Mrnka, Jan"]
[Black "Kopecky, Jiri"]
[Result "1-0"]
[WhiteElo "2086"]
[BlackElo "1947"]
[PlyCount "65"]
[EventDate "2011.10.09"]
[EventType "team-tourn"]
[EventRounds "11"]
[EventCountry "CZE"]
[SourceTitle "EXT 2013"]
[Source "ChessBase"]
[SourceDate "2012.11.22"]
[SourceVersion "1"]
[SourceVersionDate "2012.11.22"]
[SourceQuality "1"]
[WhiteTeam "Most Marty"]
[BlackTeam "Kralupy nad Vltavou"]
[WhiteTeamCountry "CZE"]
[BlackTeamCountry "CZE"]

1. e4 c5 2. Nc3 Nc6 3. g3 g6 4. Bg2 Bg7 5. f4 e6 6. d3 Nge7 7. Nf3 0-0 8. 0-0 d5 9. Qe1 b6 10. b3 dxe4 11. dxe4 Nd4 12. Rf2 Bb7 13. Be3 Nec6 14. Rd1 Qe7 15. e5 Rad8 16. Ne4 Nf5 17. Rfd2 Rxd2 18. Rxd2 Rd8 19. g4 Nxe3 20. Qxe3 Nb4 21. Nd6 Bh6 22. g5 Bf8 23. Nxb7 Rxd2 24. Nxd2 Nxc2 25. Qe4 Nd4 26. Nd6 Qd7 27. Qa8 Kg7 28. N2e4 Ne2+ 29. Kf1 Nxf4 30. Nf6 Qe7 31. Qe4 Nxg2 32. Qxg2 Qd8 33. Qh3 1-0

[Event "CZE-chT2C 1011"]
[Site "Czech Republic"]
[Date "2010.12.05"]
[Round "4.7"]
[White "Masek, Miroslav"]
[Black "Kopecky, Jiri"]
[Result "1-0"]
[WhiteElo "2191"]
[BlackElo "1975"]
[PlyCount "63"]
[EventDate "2010.10.17"]
[EventType "team-tourn"]
[EventRounds "11"]
[EventCountry "CZE"]
[SourceTitle "EXT 2012"]
[Source "ChessBase"]
[SourceDate "2011.11.24"]
[SourceVersion "1"]
[SourceVersionDate "2011.11.24"]
[SourceQuality "1"]
[WhiteTeam "Pankrac II"]
[BlackTeam "Neratovice"]
[WhiteTeamCountry "CZE"]
[BlackTeamCountry "CZE"]

1. e4 c5 2. Nf3 Nc6 3. d4 cxd4 4. Nxd4 Nf6 5. Nc3 e5 6. Ndb5 d6 7. Bg5 a6 8. Na3 b5 9. Bxf6 gxf6 10. Nd5 Bg7 11. c3 f5 12. exf5 Bxf5 13. Bd3 Be6 14. Be4 0-0 15. Nf6+ Qxf6 16. Bxc6 Rad8 17. Bd5 e4 18. Nc2 Qe5 19. Bb3 Qg5 20. 0-0 d5 21. f4 Qg6 22. Nd4 Bg4 23. Qd2 Rfe8 24. Rae1 Bc8 25. Re3 Qb6 26. Rg3 Kh8 27. Qe3 b4 28. Rxg7 Kxg7 29. Nf5+ Bxf5 30. Qxb6 bxc3 31. bxc3 e3 32. Re1 1-0

[Event "Tabor op"]
[Site "Tabor"]
[Date "2010.08.02"]
[Round "3"]
[White "Rozsafny, Michal"]
[Black "Kopecky, Jiri"]
[Result "1/2-1/2"]
[WhiteElo "1815"]
[BlackElo "2022"]
[PlyCount "65"]
[EventDate "2010.08.01"]
[EventType "swiss"]
[EventRounds "9"]
[EventCountry "CZE"]
[SourceTitle "EXT 2012"]
[Source "ChessBase"]
[SourceDate "2011.11.24"]
[SourceVersion "1"]
[SourceVersionDate "2011.11.24"]
[SourceQuality "1"]

1. e4 c5 2. Nf3 Nc6 3. d4 cxd4 4. Nxd4 Nf6 5. Nc3 e5 6. Ndb5 d6 7. Bg5 a6 8. Bxf6 gxf6 9. Na3 b5 10. Nd5 Bg7 11. c4 0-0 12. cxb5 Nd4 13. b6 f5 14. Nc4 fxe4 15. Nce3 f5 16. Nc7 Rb8 17. Ned5 Rxb6 18. Nxb6 Qxc7 19. Nc4 Bh6 20. Be2 d5 21. Ne3 Bxe3 22. fxe3 Nc2+ 23. Kf2 Qc5 24. Rc1 Qxe3+ 25. Kf1 Nd4 26. Rc3 Qh6 27. Qc1 Qxc1+ 28. Rxc1 f4 29. Rc7 f3 30. gxf3 Nxe2 31. Kxe2 exf3+ 32. Kf2 e4 33. Rg1+ 1/2-1/2

[Event "Teplice op 5th"]
[Site "Teplice"]
[Date "2010.06.19"]
[Round "8"]
[White "Kopecky, Jiri"]
[Black "Zahour, Ivan"]
[Result "1/2-1/2"]
[WhiteElo "2023"]
[BlackElo "2036"]
[PlyCount "83"]
[EventDate "2010.06.12"]
[EventType "swiss"]
[EventRounds "9"]
[EventCountry "CZE"]
[SourceTitle "CBM 136 Extra"]
[Source "ChessBase"]
[SourceDate "2010.07.02"]
[SourceVersion "2"]
[SourceVersionDate "2010.07.15"]
[SourceQuality "1"]

1. e4 c5 2. c3 d5 3. exd5 Qxd5 4. d4 e6 5. Nf3 Nf6 6. Bd3 Nc6 7. 0-0 Be7 8. Na3 Qd8 9. Nc2 a6 10. dxc5 Bxc5 11. Be3 Bd6 12. Ncd4 Qc7 13. Nxc6 bxc6 14. h3 c5 15. Ng5 Bb7 16. Qc2 Qc6 17. f3 Nd5 18. Bf2 h6 19. Ne4 Be7 20. Nd2 0-0 21. Nc4 Qc7 22. Rfe1 Bf6 23. Rad1 Rad8 24. Bh7+ Kh8 25. Be4 Bc8 26. Qe2 g6 27. Qc2 Bg7 28. Bh4 g5 29. Bf2 f5 30. Bd3 Bf6 31. Ne3 Nf4 32. Bc4 Bb7 33. Rxd8 Rxd8 34. Rd1 Qc6 35. Rxd8+ Bxd8 36. Qd2 Bc7 37. Nf1 Nxg2 38. Bg3 Nh4 39. Bxh4 Qxf3 40. Bxg5 Qh1+ 41. Kf2 Qf3+ 42. Kg1 1/2-1/2

[Event "Teplice op 5th"]
[Site "Teplice"]
[Date "2010.06.16"]
[Round "5"]
[White "Smolik, Boris"]
[Black "Kopecky, Jiri"]
[Result "0-1"]
[WhiteElo "1843"]
[BlackElo "2023"]
[PlyCount "80"]
[EventDate "2010.06.12"]
[EventType "swiss"]
[EventRounds "9"]
[EventCountry "CZE"]
[SourceTitle "CBM 136 Extra"]
[Source "ChessBase"]
[SourceDate "2010.07.02"]
[SourceVersion "2"]
[SourceVersionDate "2010.07.15"]
[SourceQuality "1"]

1. d4 Nf6 2. Nf3 g6 3. Bf4 Bg7 4. e3 0-0 5. h3 d5 6. Bd3 c5 7. c3 Nbd7 8. Nbd2 b6 9. 0-0 Bb7 10. Re1 Rc8 11. Rc1 Ne4 12. Bh2 Ndf6 13. Ne5 Nxd2 14. Qxd2 Ne4 15. Qe2 Nd6 16. Red1 c4 17. Bc2 b5 18. f3 a5 19. e4 e6 20. Re1 f6 21. Ng4 f5 22. exf5 exf5 23. Qe6+ Nf7 24. Ne5 Bxe5 25. Rxe5 Rc6 26. Qe7 Nxe5 27. Qxe5 Re8 28. Qg3 Qe7 29. Rb1 Qe3+ 30. Kh1 Bc8 31. Qb8 Qd2 32. Qxb5 Qxc2 33. Qxd5+ Be6 34. Qxc6 Qxb1+ 35. Bg1 Bf7 36. Kh2 Qxb2 37. d5 Qxc3 38. d6 Qe5+ 39. Kh1 Bd5 40. Qc7 Rf8 0-1

[Event "Teplice op 5th"]
[Site "Teplice"]
[Date "2010.06.13"]
[Round "2"]
[White "Kopecky, Jiri"]
[Black "Hadraba, Vladimir"]
[Result "1/2-1/2"]
[WhiteElo "2023"]
[BlackElo "2244"]
[PlyCount "84"]
[EventDate "2010.06.12"]
[EventType "swiss"]
[EventRounds "9"]
[EventCountry "CZE"]
[SourceTitle "CBM 136 Extra"]
[Source "ChessBase"]
[SourceDate "2010.07.02"]
[SourceVersion "2"]
[SourceVersionDate "2010.07.15"]
[SourceQuality "1"]

1. e4 c5 2. c3 e6 3. d4 d5 4. exd5 exd5 5. Nf3 Nc6 6. Be2 Bd6 7. 0-0 Nge7 8. dxc5 Bxc5 9. Bf4 0-0 10. Nbd2 Ng6 11. Bg3 f5 12. Nb3 Bb6 13. h3 f4 14. Bh2 Kh8 15. Qd2 Be6 16. Nbd4 Bg8 17. Kh1 Qf6 18. Bb5 Nce5 19. Be2 Rad8 20. Qc2 h6 21. Nxe5 Nxe5 22. Rad1 Bh7 23. Qc1 Be4 24. f3 Bh7 25. Qxf4 Qxf4 26. Bxf4 Rxf4 27. Ne6 Rf7 28. Nxd8 Bxd8 29. Rxd5 Bf6 30. f4 Nc6 31. Rfd1 Re7 32. Bf3 Kg8 33. Rc5 Be4 34. Bxe4 Rxe4 35. Rd7 Rxf4 36. Rxb7 Ne5 37. Kg1 Re4 38. Rc8+ Kh7 39. Kf2 a5 40. Ra8 Nd3+ 41. Kf3 Re5 42. g3 Ne1+ 1/2-1/2

[Event "Cesky Krumlov op 2nd"]
[Site "Cesky Krumlov"]
[Date "2008.10.16"]
[Round "7"]
[White "Kopecky, Jiri"]
[Black "Jacobsen, Henrik"]
[Result "1/2-1/2"]
[WhiteElo "2042"]
[BlackElo "1856"]
[PlyCount "40"]
[EventDate "2008.10.11"]
[EventType "swiss"]
[EventRounds "9"]
[EventCountry "CZE"]
[SourceTitle "CBM 126 Extra"]
[Source "ChessBase"]
[SourceDate "2008.11.05"]
[SourceVersion "1"]
[SourceVersionDate "2008.11.05"]
[SourceQuality "1"]

1. e4 g6 2. d4 Bg7 3. Nc3 c6 4. Nf3 d5 5. exd5 cxd5 6. Bf4 Nf6 7. Qd2 Nc6 8. Ne5 Ng4 9. Bb5 Ngxe5 10. Bxe5 Bxe5 11. dxe5 e6 12. f4 Bd7 13. Be2 a6 14. 0-0 Qc7 15. Nd1 Rc8 16. c3 h5 17. h4 Ne7 18. Ne3 Qb6 19. Kh2 Bb5 20. Bxb5+ Qxb5 1/2-1/2

[Event "Cesky Krumlov op 2nd"]
[Site "Cesky Krumlov"]
[Date "2008.10.12"]
[Round "3"]
[White "Kopecky, Jiri"]
[Black "Jenicek, Jiri"]
[Result "0-1"]
[WhiteElo "2042"]
[BlackElo "2165"]
[PlyCount "58"]
[EventDate "2008.10.11"]
[EventType "swiss"]
[EventRounds "9"]
[EventCountry "CZE"]
[SourceTitle "CBM 126 Extra"]
[Source "ChessBase"]
[SourceDate "2008.11.05"]
[SourceVersion "1"]
[SourceVersionDate "2008.11.05"]
[SourceQuality "1"]

1. e4 d5 2. d4 dxe4 3. Nc3 Nf6 4. Bc4 Bg4 5. f3 exf3 6. Nxf3 e6 7. 0-0 Be7 8. h3 Bh5 9. Bf4 c6 10. Ne2 Nbd7 11. c3 Nb6 12. Bb3 Nbd5 13. c4 Nxf4 14. Nxf4 Bxf3 15. Rxf3 0-0 16. Bc2 Qb6 17. Qd3 g6 18. h4 Rad8 19. c5 Qxb2 20. Rb1 Qxa2 21. Rxb7 Bxc5 22. Ne2 Nh5 23. Bb3 Qa1+ 24. Kh2 Bxd4 25. Qe4 Be5+ 26. g3 Nf6 27. Qxc6 Rd2 28. Qb5 Qe1 29. Bc4 Bd4 0-1